000 00297nam a22001217a 4500
005 20200604110755.0
008 200604b xxu||||| |||| 00| 0 eng d
082 _a345.4 AIR
245 _aThe All India Reporter1966 (V-53) ALLAHABAD Section
300 _a384p.
650 _aLAW
_95701
942 _cJRL
999 _c6809
_d6807